|
|
|
|
| LEADER |
00629cam a2200229 a 4500 |
| 001 |
0000086057 |
| 005 |
20070716090000.0 |
| 040 |
|
|
|a mod
|
| 041 |
|
|
|a eng
|
| 020 |
0 |
0 |
|a 0415142504
|
| 020 |
0 |
0 |
|a 9780415142502
|
| 090 |
0 |
0 |
|a 361.65
|b ELL
|e 2006
|
| 100 |
1 |
0 |
|a Ellison
|h Nick
|
| 245 |
1 |
4 |
|a The transformation of welfare states?
|c Nick Ellison
|
| 260 |
0 |
0 |
|a London
|b Routledge
|c 2006
|
| 300 |
0 |
0 |
|a xi, 223 p.
|c 24 cm
|
| 500 |
0 |
0 |
|a Includes index
|
| 504 |
0 |
1 |
|a Bibliography p. 195-214
|
| 650 |
0 |
0 |
|a Social policy
|
| 650 |
0 |
0 |
|a Public welfare
|
| 852 |
0 |
0 |
|a 01
|
| 999 |
|
|
|a 0254601
|b KEMENTAH
|d BOOKS
|e Umum
|f Perpustakaan KEMENTAH
|j AVAILABLE
|q GOOD CONDITION
|